Encyclopedia of gastroenterology, Volume 1 / (Record no. 172234)

MARC details
000 -LEADER
fixed length control field 00987nam a22002777a 4500
003 - CONTROL NUMBER IDENTIFIER
control field OSt
005 - DATE AND TIME OF LATEST TRANSACTION
control field 20250730114141.0
008 - FIXED-LENGTH DATA ELEMENTS--GENERAL INFORMATION
fixed length control field 250714b |||||||| |||| 00| 0 eng d
020 ## - INTERNATIONAL STANDARD BOOK NUMBER
International Standard Book Number 9780128124604 (Hardcover)
020 ## - INTERNATIONAL STANDARD BOOK NUMBER
International Standard Book Number 9780128212738 (volume 1)
040 ## - CATALOGING SOURCE
Original cataloging agency NUST
Language of cataloging eng
Transcribing agency NUST
Modifying agency NUST
Description conventions rda
050 ## - LIBRARY OF CONGRESS CALL NUMBER
Classification number RC802 ENC
245 ## - TITLE STATEMENT
Title Encyclopedia of gastroenterology, Volume 1 /
Statement of responsibility, etc. edited by Ernst J. Kuipers.
250 ## - EDITION STATEMENT
Edition statement Second edition.
260 ## - PUBLICATION, DISTRIBUTION, ETC.
Place of publication, distribution, etc. London :
Name of publisher, distributor, etc. Academic Press,
Date of publication, distribution, etc. ©2020.
300 ## - PHYSICAL DESCRIPTION
Extent lv, 814 pages :
Other physical details Illustrations ;
Dimensions 28 cm.
336 ## - CONTENT TYPE
Source rdacontent
Content type term text
Content type code txt
337 ## - MEDIA TYPE
Source rdamedia
Media type term unmediated
Media type code n
338 ## - CARRIER TYPE
Source rdamedia
Carrier type term volume
Carrier type code nc
504 ## - BIBLIOGRAPHY, ETC. NOTE
Bibliography, etc. note Includes bibliographical references.
650 ## - SUBJECT ADDED ENTRY--TOPICAL TERM
Form subdivision Internal medicine.
650 ## - SUBJECT ADDED ENTRY--TOPICAL TERM
Form subdivision Specialties of internal medicine.
650 ## - SUBJECT ADDED ENTRY--TOPICAL TERM
Form subdivision  Diseases of the digestive system -- Gastroenterology.
700 ## - ADDED ENTRY--PERSONAL NAME
Personal name Kuipers, Ernst J.
Relator term Editor
942 ## - ADDED ENTRY ELEMENTS (KOHA)
Source of classification or shelving scheme Library of Congress Classification
Koha item type Reference Material
Edition Second edition.
Classification part RC802 ENC
Call number prefix RC
Call number suffix ENC
Suppress in OPAC No
Holdings
Withdrawn status Lost status Source of classification or shelving scheme Damaged status Not for loan Collection Home library Current library Shelving location Date acquired Source of acquisition Cost, normal purchase price Total Checkouts Full call number Barcode Date last seen Accession number Cost, replacement price Price effective from Koha item type Public note
    LCC     NFIC Medical Medical REFERENCE 07/14/2025 Book Aid International 236.00   RC802 ENC 92004057295 07/14/2025 62956 236.00 07/14/2025 BOOKS Donation
    LCC     NFIC Medical Medical REFERENCE 07/17/2025 Book Aid International 236.00   RC802 ENC 92004057839 07/17/2025 63261 236.00 07/17/2025 BOOKS Donation